আমি মুজিব বলছি : (Record no. 258315)
[ view plain ]
| 000 -LEADER | |
|---|---|
| fixed length control field | 00938nam a22002297a 4500 |
| 003 - CONTROL NUMBER IDENTIFIER | |
| control field | BD-DhUL |
| 005 - DATE AND TIME OF LATEST TRANSACTION | |
| control field | 20230613143300.0 |
| 008 - FIXED-LENGTH DATA ELEMENTS--GENERAL INFORMATION | |
| fixed length control field | 230509s2022 bg a|||| |||| 00| 0 ben |
| 020 ## - INTERNATIONAL STANDARD BOOK NUMBER | |
| International Standard Book Number | 9789849658863 (hbk) |
| 040 ## - CATALOGING SOURCE | |
| Original cataloging agency | BD-DhUL |
| Transcribing agency | BD-DhUL |
| 082 ## - DEWEY DECIMAL CLASSIFICATION NUMBER | |
| Classification number | 320.092 |
| Item number | DAA |
| 100 10 - MAIN ENTRY--PERSONAL NAME | |
| Personal name | দত্ত, মনোজ |
| 245 00 - TITLE STATEMENT | |
| Title | আমি মুজিব বলছি : |
| Remainder of title | বাঙলাদেশ মুক্তিযুদ্ধের দিনপঞ্জী / |
| Statement of responsibility, etc. | মনোজ দত্ত । |
| 260 ## - PUBLICATION, DISTRIBUTION, ETC. (IMPRINT) | |
| Place of publication, distribution, etc. | ঢাকা : |
| Name of publisher, distributor, etc. | শব্দশৈলী, |
| Date of publication, distribution, etc. | ২০২২ । |
| 300 ## - PHYSICAL DESCRIPTION | |
| Extent | ১৭৬ পৃ. : |
| Other physical details | চিত্র ; |
| Dimensions | ২২ সেমি. |
| 365 ## - TRADE PRICE | |
| Price type code | BDT |
| Price amount | 350.00 |
| 600 10 - SUBJECT ADDED ENTRY--PERSONAL NAME | |
| Personal name | রহমান, শেখ মুুজিবুর |
| Form subdivision | জীবনী । |
| 600 10 - SUBJECT ADDED ENTRY--PERSONAL NAME | |
| Personal name | Rahman, Sheikh mujibur |
| Form subdivision | Biography. |
| 651 #4 - SUBJECT ADDED ENTRY--GEOGRAPHIC NAME | |
| Geographic name | বাংলাদেশ |
| General subdivision | ইতিহাস । |
| 651 #4 - SUBJECT ADDED ENTRY--GEOGRAPHIC NAME | |
| Geographic name | Bangladesh |
| General subdivision | History. |
| 942 ## - ADDED ENTRY ELEMENTS (KOHA) | |
| Source of classification or shelving scheme | |
| Koha item type | Books |
| Price effective from | Date last seen | Permanent Location | Not for loan | Date acquired | Source of classification or shelving scheme | Koha item type | Lost status | Withdrawn status | Copy number | Source of acquisition | Collection code | Damaged status | Shelving location | Barcode | Current Location | Public note | Full call number |
|---|---|---|---|---|---|---|---|---|---|---|---|---|---|---|---|---|---|
| 2023-05-09 | 2023-05-09 | Dhaka University Library | Not For Loan | 2023-03-06 | Books | 1 | Purchased | Non Fiction | Bangabandhu Corner | 513344 | Dhaka University Library | Bangabandhu Corner | 320.092 DAA | ||||
| 2023-05-09 | 2023-05-09 | Dhaka University Library | Not For Loan | 2023-03-06 | Books | 2 | Purchased | Non Fiction | Bangabandhu Corner | 513345 | Dhaka University Library | Bangabandhu Corner | 320.092 DAA |
